000 00592nam a22001817a 4500
005 20251108163351.0
008 250721s1982 xx 000 0 ara d
082 1 4 _a320.1/جاب
100 1 _aالجابري، محمد عابد
245 1 0 _aفكر إبن خلدون - العصبية و الدولة :
_bمعالم نظرية خلدونية في التاريخ الإسلامي /
250 _aط3.
264 1 _aبيروت :
_bدار الطليعة،
_c1982.
300 _a486ص
650 1 7 _aالعلوم السياسية
650 1 7 _aالدولة
942 _2ddc
_cBK
999 _c872
_d872